[Event "32. Kieler Open 2019 B-Open"]
[Site "Kiel"]
[Date "2019.07.28"]
[Round "3.29"]
[White "Wentzel, Martin"]
[Black "Lauzening, Rene"]
[Result "1/2-1/2"]
[WhiteElo "1335"]
[BlackElo "1047"]
[Annotator "MB"]
[PlyCount "82"]
[EventDate "2019.??.??"]

1. e4 e6 2. a3 d5 3. e5 Nc6 4. Nf3 d4 5. Bb5 Nge7 6. O-O a6 7. Bxc6+ Nxc6 8. d3
Be7 9. Re1 O-O 10. Bf4 Qd5 11. Re4 f6 12. c4 dxc3 13. Nxc3 Qd8 14. b4 g5 15.
Bc1 f5 16. Re1 g4 17. Bh6 Rf7 18. Nd2 Nxe5 19. Rxe5 Qd4 20. Re3 Qxc3 21. Nc4
Qf6 22. Bf4 b5 23. Ne5 Bd6 24. g3 a5 25. Nxf7 Bxf4 26. gxf4 Qxf7 27. Qb3 Bd7
28. Rc1 c6 29. Rc5 h5 30. Qc3 Ra6 31. Kg2 Qe7 32. Rce5 Kf7 33. Qb3 Kf6 34. Qc3
Kg6 35. Qb3 c5 36. Rxe6+ Bxe6 37. Qc3 axb4 38. axb4 cxb4 39. Qe5 b3 40. Qxb5
Ra7 41. d4 Qb7+ 1/2-1/2

[Event "32. Kieler Open 2019 B-Open"]
[Site "Kiel"]
[Date "2019.07.28"]
[Round "3.30"]
[White "Klich, Mirko"]
[Black "Schulz, Jale"]
[Result "1-0"]
[WhiteElo "1294"]
[BlackElo "933"]
[Annotator "MB"]
[PlyCount "83"]
[EventDate "2019.??.??"]

1. d4 Nf6 2. Bf4 g6 3. c4 Bg7 4. Nc3 d5 5. e3 Nc6 6. h3 Bf5 7. Nf3 Nb4 8. Rc1
Ne4 9. a3 Nxc3 10. Rxc3 Nc6 11. cxd5 Qxd5 12. Bc4 Qa5 13. O-O O-O 14. Rb3 b6
15. d5 Nb8 16. Re1 Qc5 17. Qc1 Qa5 18. e4 Bd7 19. Bxc7 Ba4 20. Rd3 Na6 21. b3
Nxc7 22. b4 Qa6 23. Bxa6 Nxa6 24. Qc4 Nb8 25. b5 Bxb5 26. Qxb5 Rc8 27. d6 exd6
28. Rxd6 Bf8 29. Rd3 Nc6 30. Rc1 Ne7 31. Rxc8 Rxc8 32. Qb3 Kg7 33. g4 Nc6 34.
Rd7 Nd8 35. Ng5 Rc1+ 36. Kg2 Kh6 37. Nxf7+ Nxf7 38. Qe3+ Kg7 39. Qf4 Rg1+ 40.
Kxg1 g5 41. Qxf7+ Kh6 42. Qxh7# 1-0

[Event "32. Kieler Open 2019 B-Open"]
[Site "Kiel"]
[Date "2019.07.28"]
[Round "3.31"]
[White "Frahm, Ben Jonas"]
[Black "Wellßow, Lio Keanu"]
[Result "0-1"]
[Annotator "MB"]
[WhiteElo "776"]
[BlackElo "1184"]
[PlyCount "118"]
[EventDate "2019.??.??"]

1. e4 c5 2. b3 b6 3. Bc4 Bb7 4. Nc3 Nc6 5. Bb2 Nf6 6. Nf3 e5 7. Na4 Nxe4 8.
Bxe5 Nxe5 9. Nxe5 d5 10. Bb5+ Ke7 11. Bc6 Rb8 12. Bxb7 Ke6 13. Nxf7 Kxf7 14.
Qh5+ g6 15. Bxd5+ Kg7 16. Qe5+ Nf6 17. c4 Bd6 18. Qg5 Re8+ 19. Kd1 Nxd5 20.
Qxd8 Rbxd8 21. cxd5 Be5 22. Rc1 Rxd5 23. Re1 Kf7 24. Nc3 Bxc3 25. Rxc3 Red8 26.
Rf3+ Kg7 27. Re2 a5 28. Kc2 b5 29. a4 b4 30. d3 h5 31. h4 Rd4 32. g3 Kh6 33.
Re5 R8d5 34. Rxd5 Rxd5 35. Rf8 Rf5 36. Ra8 Rxf2+ 37. Kd1 Rb2 38. Rxa5 Rxb3 39.
Kc2 Ra3 40. Rxc5 Rxa4 41. d4 b3+ 42. Kb2 Rxd4 43. Kxb3 Rd3+ 44. Rc3 Rxc3+ 45.
Kxc3 g5 46. Kd3 g4 47. Ke4 Kg6 48. Kf4 Kf6 49. Ke4 Ke6 50. Kf4 Kd5 51. Kg5 Ke4
52. Kxh5 Kf3 53. Kg5 Kxg3 54. h5 Kf3 55. Kh4 g3 56. Kh3 g2 57. Kh2 Kf2 58. h6
g1=Q+ 59. Kh3 Qg3# 0-1

[Event "32. Kieler Open 2019 B-Open"]
[Site "Kiel"]
[Date "2019.07.28"]
[Round "4.1"]
[White "von Koschitzky, Tilo"]
[Black "Suliga, Eckhard"]
[Result "1-0"]
[WhiteElo "1774"]
[BlackElo "1682"]
[Annotator "HAD"]
[PlyCount "101"]
[EventDate "2019.??.??"]
[WhiteTeam "Doppelbauer Kiel"]
[BlackTeam "Turm Lüneburg"]

1. d4 Nf6 2. c4 e6 3. Nf3 b6 4. a3 Bb7 5. Nc3 Be7 6. Bf4 Ne4 7. Nb5 d6 8. Nd2
a6 9. Nc3 Nxc3 10. bxc3 f5 11. f3 O-O 12. Qb3 Qd7 13. Be3 Nc6 14. Bf2 Kh8 15.
e3 Rf7 16. Bd3 Raf8 17. Qc2 e5 18. e4 f4 19. Nb3 Rf6 20. Rb1 Ba8 21. c5 dxc5
22. dxc5 Nb8 23. cxb6 cxb6 24. Nd2 b5 25. c4 Rd8 26. Be2 bxc4 27. Nxc4 Rc6 28.
Qb2 Qc7 29. Bb6 Rxb6 30. Qxb6 Qxb6 31. Nxb6 Bc6 32. Nc4 Bf6 33. O-O Bb5 34.
Rfd1 Rc8 35. Nd6 Bxe2 36. Nxc8 Bxd1 37. Rxb8 h6 38. Nb6+ Kh7 39. Nd5 Bh4 40.
Ra8 Be2 41. Nc7 Be7 42. a4 a5 43. Rxa5 Bb4 44. Ra8 Bc5+ 45. Kh1 Bc4 46. Nd5 Bd4
47. Rc8 Ba6 48. Rc7 Kh8 49. Nb4 Be2 50. a5 Bb5 51. a6 1-0

[Event "32. Kieler Open 2019 B-Open"]
[Site "Kiel"]
[Date "2019.07.28"]
[Round "4.2"]
[White "Johlke, Lorenz"]
[Black "Plichta, Hans-Reiner"]
[Result "1/2-1/2"]
[WhiteElo "1602"]
[BlackElo "1765"]
[Annotator "HAD"]
[PlyCount "71"]
[EventDate "2019.??.??"]
[WhiteTeam "SG Jasmund"]
[BlackTeam "Kieler SG"]

1. e4 c5 2. f4 Nc6 3. Nf3 d6 4. Nc3 e6 5. g3 Nf6 6. Bg2 Be7 7. O-O a6 8. Kh1
O-O 9. d4 cxd4 10. Nxd4 Bd7 11. Be3 Qc7 12. Nf3 Ng4 13. Bg1 Nf6 14. h3 Rac8 15.
Kh2 b5 16. a3 b4 17. axb4 Nxb4 18. Qd2 Rfd8 19. Na4 Bxa4 20. Rxa4 a5 21. c3
Nxe4 22. Qe1 Nc5 23. Bxc5 Nd3 24. Bxd6 Bxd6 25. Qe2 Be7 26. Nd4 Nc5 27. Rc4 Qb6
28. b4 axb4 29. Rxb4 Qa6 30. Qxa6 Nxa6 31. Rb6 Nb8 32. Rb3 Bf6 33. Rfb1 Bxd4
34. cxd4 Nd7 35. Rb4 g6 36. R1b2 1/2-1/2

[Event "32. Kieler Open 2019 B-Open"]
[Site "Kiel"]
[Date "2019.07.28"]
[Round "4.3"]
[White "Noreisch, Reiner"]
[Black "Behrendt, Matthias"]
[Result "1-0"]
[WhiteElo "1602"]
[BlackElo "1747"]
[Annotator "HAD"]
[PlyCount "69"]
[EventDate "2019.??.??"]
[WhiteTeam "Lübecker SV"]
[BlackTeam "SC Agon Neumünster"]

1. c4 e5 2. g3 Nf6 3. Bg2 c6 4. d4 exd4 5. Qxd4 Be7 6. e4 d6 7. Ne2 Qb6 8. Qd3
Nbd7 9. O-O Ne5 10. Qc2 O-O 11. Be3 Qc7 12. f4 Neg4 13. Bd4 Nd7 14. h3 Ngf6 15.
Nd2 Re8 16. Nf3 c5 17. Bc3 Rb8 18. e5 dxe5 19. fxe5 Nh5 20. g4 f6 21. gxh5 fxe5
22. Ng3 b5 23. cxb5 c4 24. a4 Bb7 25. Rae1 Bc5+ 26. Kh1 Bxf3 27. Rxf3 Nf6 28.
h6 Nd5 29. Bd2 Bd4 30. Nf5 g6 31. Nxd4 exd4 32. Rxe8+ Rxe8 33. Qc1 Qe5 34. Qxc4
Rd8 35. Rd3 1-0

[Event "32. Kieler Open 2019 B-Open"]
[Site "Kiel"]
[Date "2019.07.28"]
[Round "4.4"]
[White "Kageler, Anton Paul"]
[Black "Jarosch, Wolfram"]
[Result "1-0"]
[WhiteElo "1601"]
[BlackElo "1691"]
[Annotator "HAD"]
[PlyCount "67"]
[EventDate "2019.??.??"]
[WhiteTeam "SV Roter Turm Halle"]
[BlackTeam "fuß brothers Jena"]

1. e4 d5 2. exd5 Nf6 3. d4 Nxd5 4. c4 Nf6 5. Nc3 Bf5 6. Nf3 Nbd7 7. Be2 e6 8.
Bg5 Be7 9. O-O h6 10. Bh4 g5 11. Bg3 Nh5 12. Be5 f6 13. Nxg5 Ng7 14. Bh5+ Kf8
15. Nf7 Qe8 16. Nxh8 Qxh5 17. Bxc7 Kg8 18. Bf4 Qxd1 19. Raxd1 Kxh8 20. Bxh6 Rg8
21. Kh1 Nh5 22. f3 Rg6 23. Be3 Bd6 24. g4 Bxg4 25. fxg4 Rxg4 26. Rd2 Rh4 27.
Kg1 Nf4 28. Bxf4 Bxf4 29. Re2 Rg4+ 30. Kh1 e5 31. Nd5 Bg5 32. dxe5 Nxe5 33.
Nxf6 Nxc4 34. Nxg4 1-0

[Event "32. Kieler Open 2019 B-Open"]
[Site "Kiel"]
[Date "2019.07.28"]
[Round "4.5"]
[White "Bräutigam, Alexander"]
[Black "Zechel, Rolf-Rüdiger"]
[Result "1/2-1/2"]
[WhiteElo "1558"]
[BlackElo "1651"]
[Annotator "HAD"]
[PlyCount "72"]
[EventDate "2019.??.??"]
[WhiteTeam "SV VHS Rendsburg"]
[BlackTeam "SK Kaltenkirchen"]

1. c4 c5 2. Nc3 b6 3. Nf3 Nf6 4. g3 e6 5. Bg2 Bb7 6. d3 d6 7. O-O Be7 8. b3 O-O
9. Bb2 Nbd7 10. e3 a6 11. Qc2 Rc8 12. Qd2 Qc7 13. Rac1 Qb8 14. Rfd1 Rfe8 15. d4
cxd4 16. Nxd4 Bxg2 17. Kxg2 Qb7+ 18. Kg1 Nc5 19. Qe2 Ncd7 20. Nf3 Bf8 21. Ne1
h6 22. Qf3 Qxf3 23. Nxf3 Red8 24. Rc2 Nc5 25. Kg2 Rc7 26. Ne1 Be7 27. Nd3 Nxd3
28. Rxd3 b5 29. Ne2 bxc4 30. Rdc3 Rdc8 31. Rxc4 Rxc4 32. Rxc4 Rxc4 33. bxc4 Nd7
34. Bd4 Bf6 35. Nc1 Kf8 36. Kf3 Bd8 1/2-1/2

[Event "32. Kieler Open 2019 B-Open"]
[Site "Kiel"]
[Date "2019.07.28"]
[Round "4.6"]
[White "Bendixen, Matthes"]
[Black "Wieser, Hans-Joachim"]
[Result "1-0"]
[WhiteElo "1645"]
[BlackElo "1556"]
[Annotator "HAD"]
[PlyCount "54"]
[EventDate "2019.??.??"]
[WhiteTeam "Schleswiger SV"]
[BlackTeam "VSF Flintbek"]

1. d4 d5 2. c4 Nc6 3. cxd5 Qxd5 4. Nf3 e5 5. Nc3 Bb4 6. Bd2 Bxc3 7. Bxc3 e4 8.
Ne5 Be6 9. e3 Nxe5 10. dxe5 O-O-O 11. Qxd5 Bxd5 12. Be2 Ne7 13. O-O h5 14. Rac1
Kb8 15. a4 Be6 16. Bd4 Nc6 17. Rxc6 bxc6 18. Rc1 Bd5 19. Ba6 Ka8 20. b4 Rb8 21.
b5 Rb6 22. Bxb6 axb6 23. bxc6 Rh6 24. Bb7+ Kb8 25. a5 bxa5 26. Rc5 Ka7 27.
Rxa5+ Kb6 1-0

[Event "32. Kieler Open 2019 B-Open"]
[Site "Kiel"]
[Date "2019.07.28"]
[Round "4.7"]
[White "Reimer, Eugen"]
[Black "Gerull, Dirk"]
[Result "1-0"]
[WhiteElo "1554"]
[BlackElo "1815"]
[Annotator "HAD"]
[PlyCount "22"]
[EventDate "2019.??.??"]
[WhiteTeam "VSF Flintbek"]
[BlackTeam "VSF Flintbek"]

1. e4 d5 2. exd5 Qxd5 3. Nc3 Qd8 4. Bc4 c6 5. Nf3 Bf5 6. O-O e6 7. d3 Bd6 8.
Re1 Nf6 9. Bg5 Qc7 10. Ne4 Nxe4 11. dxe4 Nd7 1-0

[Event "32. Kieler Open 2019 B-Open"]
[Site "Kiel"]
[Date "2019.07.28"]
[Round "4.8"]
[White "Hentrop, Malte"]
[Black "Johlke, Lukas"]
[Result "1-0"]
[WhiteElo "1805"]
[BlackElo "1584"]
[Annotator "HAD"]
[PlyCount "67"]
[EventDate "2019.??.??"]
[WhiteTeam "Findorffer Sfr"]
[BlackTeam "SG Jasmund"]

1. d4 d5 2. c4 e6 3. Nc3 Nf6 4. Nf3 c5 5. e3 Nc6 6. Bd3 cxd4 7. exd4 Be7 8. O-O
O-O 9. Bg5 b6 10. Rc1 Bb7 11. b3 Nb4 12. Bb1 h6 13. Bxf6 Bxf6 14. a3 Nc6 15.
Qd3 g6 16. cxd5 exd5 17. Rfe1 Bg7 18. b4 Qd7 19. Ba2 Ne7 20. Ne5 Bxe5 21. Rxe5
Kg7 22. Rce1 Nf5 23. Bxd5 f6 24. Bxb7 fxe5 25. Bxa8 Rxa8 26. Qe4 Re8 27. dxe5
Qd4 28. Qxd4 Nxd4 29. f4 Nc2 30. Re2 Nxa3 31. Ra2 Nc4 32. Rxa7+ Kf8 33. Rc7 Nb2
34. Rc6 1-0

[Event "32. Kieler Open 2019 B-Open"]
[Site "Kiel"]
[Date "2019.07.28"]
[Round "4.9"]
[White "Götz, Dirk"]
[Black "Wellßow, Keoki"]
[Result "1/2-1/2"]
[WhiteElo "1766"]
[BlackElo "1544"]
[Annotator "HAD"]
[PlyCount "35"]
[EventDate "2019.??.??"]
[WhiteTeam "SG Kiel v. 1952"]
[BlackTeam "SG Jasmund"]

1. d4 g6 2. Nf3 Bg7 3. g3 Nf6 4. Bg2 d6 5. O-O O-O 6. c3 Nbd7 7. Re1 Ne4 8. Ng5
Nxg5 9. Bxg5 f6 10. Bc1 Rb8 11. e4 e5 12. Be3 a6 13. Na3 Nb6 14. dxe5 dxe5 15.
Qb3+ Kh8 16. Bxb6 cxb6 17. Rad1 Qc7 18. Qd5 1/2-1/2

[Event "32. Kieler Open 2019 B-Open"]
[Site "Kiel"]
[Date "2019.07.28"]
[Round "4.10"]
[White "Zielke, Bernd"]
[Black "Pick, Max"]
[Result "1/2-1/2"]
[WhiteElo "1707"]
[BlackElo "1515"]
[Annotator "HAD"]
[PlyCount "120"]
[EventDate "2019.??.??"]
[WhiteTeam "Kieler SG"]
[BlackTeam "SK Kerpen 64"]

1. b4 e5 2. Bb2 d6 3. c4 Be6 4. e3 f5 5. d3 Nd7 6. Nc3 Ngf6 7. Qc2 c6 8. Nf3 h6
9. Be2 Rc8 10. O-O g5 11. Nd2 h5 12. Rfd1 d5 13. a3 Bd6 14. c5 Bc7 15. Nf1 Qe7
16. e4 f4 17. Rd2 Kf7 18. Nd1 g4 19. f3 Rcg8 20. Kh1 d4 21. g3 fxg3 22. Nxg3 h4
23. Nf5 Bxf5 24. exf5 Ke8 25. fxg4 h3 26. Nf2 Nd5 27. Ne4 Ne3 28. Qb3 Nf6 29.
Nxf6+ Qxf6 30. Rg1 Kd8 31. Bf3 Qg5 32. Bc1 Qg7 33. Re2 Nxf5 34. Be4 Nh6 35. g5
Qf8 36. Qe6 Qg7 37. Qxh3 Nf7 38. Qf5 Rh5 39. Qf6+ Qxf6 40. gxf6 Rxg1+ 41. Kxg1
Ke8 42. Rg2 Kf8 43. Bg6 Rh3 44. Bf5 Rf3 45. Rf2 Rxf2 46. Kxf2 Bd8 47. Bc8 b6
48. cxb6 axb6 49. Bd7 c5 50. bxc5 bxc5 51. Bd2 Bxf6 52. a4 Ke7 53. Bc6 Kd6 54.
Be4 Ng5 55. Bf5 Kd5 56. h4 e4 57. hxg5 e3+ 58. Bxe3 dxe3+ 59. Kxe3 Bxg5+ 60.
Ke2 Bd8 1/2-1/2

[Event "32. Kieler Open 2019 B-Open"]
[Site "Kiel"]
[Date "2019.07.28"]
[Round "4.11"]
[White "Neubert, Conrad"]
[Black "Gerigk, Daniel"]
[Result "0-1"]
[WhiteElo "1094"]
[BlackElo "1701"]
[Annotator "HAD"]
[PlyCount "56"]
[EventDate "2019.??.??"]
[WhiteTeam "SF Schwerin"]
[BlackTeam "Stadtverw. Bonn"]

1. d4 Nf6 2. c4 e6 3. Nf3 d5 4. g3 c5 5. Bg2 Nc6 6. cxd5 exd5 7. O-O Be7 8. Nc3
O-O 9. dxc5 Bxc5 10. Bg5 d4 11. Ne4 Be7 12. Bxf6 Bxf6 13. Nxf6+ Qxf6 14. Ne1
Be6 15. Nd3 Rad8 16. Nc5 Bc8 17. Qb3 b6 18. Ne4 Qg6 19. Rac1 Ne5 20. Rc7 Bf5
21. Nd2 a5 22. Rb7 Rd6 23. Qb5 Qe6 24. h3 Bxh3 25. Bxh3 Qxh3 26. Rxb6 Ng4 27.
Nf3 Rg6 28. Qxa5 Ne3 0-1

[Event "32. Kieler Open 2019 B-Open"]
[Site "Kiel"]
[Date "2019.07.28"]
[Round "4.12"]
[White "Eberhardt, Michael"]
[Black "Tran, Duc Huy"]
[Result "1-0"]
[WhiteElo "1761"]
[BlackElo "1451"]
[Annotator "HAD"]
[PlyCount "57"]
[EventDate "2019.??.??"]
[WhiteTeam "SC Agon Neumünster"]
[BlackTeam "SC Agon Neumünster"]

1. Nf3 c5 2. c4 Nc6 3. b3 d6 4. g3 Bf5 5. Nc3 g6 6. Bg2 Bg7 7. Bb2 Nf6 8. d3
O-O 9. O-O a6 10. h3 Qd7 11. Kh2 Rab8 12. e4 Be6 13. Nd5 Qd8 14. Qd2 b5 15.
Rfe1 bxc4 16. dxc4 Bd7 17. Nxf6+ exf6 18. Qxd6 Nb4 19. Red1 Rb7 20. Qxc5 Qc7
21. Qxc7 Rxc7 22. a3 Nc6 23. Rd3 Be6 24. Rad1 a5 25. Nd4 Nxd4 26. Bxd4 a4 27.
b4 Rxc4 28. Bc5 Re8 29. Rd8 1-0

[Event "32. Kieler Open 2019 B-Open"]
[Site "Kiel"]
[Date "2019.07.28"]
[Round "4.13"]
[White "Sowa, Kay"]
[Black "Schwerdt, Anton Gabriel"]
[Result "1/2-1/2"]
[WhiteElo "1729"]
[BlackElo "1455"]
[Annotator "HAD"]
[PlyCount "63"]
[EventDate "2019.??.??"]
[WhiteTeam "SK Doppelbauer Kiel"]
[BlackTeam "Bad Schwartau"]

1. d4 Nf6 2. Nc3 e6 3. Bf4 b6 4. e3 Bb7 5. Nf3 Bb4 6. a3 Be7 7. Bd3 O-O 8. O-O
c5 9. Qe2 d5 10. dxc5 Bxc5 11. b4 Bd6 12. Bg5 Nbd7 13. e4 dxe4 14. Nxe4 Be7 15.
Nxf6+ Bxf6 16. Bxf6 Nxf6 17. Rfd1 Qe7 18. Rac1 Rac8 19. c4 Rc7 20. Nd4 Ba6 21.
b5 Bb7 22. a4 Rfc8 23. Ra1 a5 24. bxa6 Bxa6 25. Nb5 Bxb5 26. axb5 Ra7 27. Qe3
Rb8 28. Be2 Qc7 29. Qd4 Rxa1 30. Rxa1 Nd7 31. Bf3 Nc5 32. Qc3 1/2-1/2

[Event "32. Kieler Open 2019 B-Open"]
[Site "Kiel"]
[Date "2019.07.28"]
[Round "4.14"]
[White "Christensen, Mats"]
[Black "Schulze, Lukas"]
[Result "0-1"]
[WhiteElo "1543"]
[BlackElo "1724"]
[Annotator "HAD"]
[PlyCount "60"]
[EventDate "2019.??.??"]
[WhiteTeam "SK Doppelbauer Kiel"]
[BlackTeam "SK Lehrte"]

1. d4 Nf6 2. c4 c5 3. d5 b5 4. cxb5 a6 5. bxa6 g6 6. Nc3 Bxa6 7. e4 Bxf1 8.
Kxf1 d6 9. g3 Bg7 10. Kg2 O-O 11. Nf3 Nbd7 12. Qc2 Ra6 13. Nd2 Qa8 14. Nc4 Rc8
15. Rd1 Ng4 16. f4 Rb8 17. Qe2 Ngf6 18. Kg1 Nb6 19. Nxb6 Rbxb6 20. e5 dxe5 21.
fxe5 Nd7 22. d6 exd6 23. e6 Ne5 24. e7 Ra7 25. Nd5 Rb8 26. Bg5 Kh8 27. Nf6 Rxe7
28. Kf2 Re6 29. Nd5 Rxb2 30. Rd2 Ng4+ 0-1

[Event "32. Kieler Open 2019 B-Open"]
[Site "Kiel"]
[Date "2019.07.28"]
[Round "4.15"]
[White "Stieber, Mike"]
[Black "Diederichs, Karl"]
[Result "1-0"]
[WhiteElo "1697"]
[BlackElo "1445"]
[Annotator "HAD"]
[PlyCount "113"]
[EventDate "2019.??.??"]
[WhiteTeam "SC Rochade Zeulenroda"]
[BlackTeam "SK Lehrte"]

1. d4 e6 2. a3 d5 3. c4 dxc4 4. Nc3 c5 5. Nf3 Nc6 6. e3 cxd4 7. Nxd4 Nxd4 8.
Qxd4 Qxd4 9. exd4 Bd7 10. Bxc4 Bc6 11. O-O Bd6 12. Bg5 h6 13. Bh4 g5 14. Bg3
Bxg3 15. fxg3 Rd8 16. Rad1 Ne7 17. Rfe1 a6 18. d5 Nxd5 19. Nxd5 Kf8 20. Nc3 Kg7
21. Rxd8 Rxd8 22. Rd1 Rc8 23. Be2 Kg6 24. Bf3 h5 25. Bxc6 Rxc6 26. Kf2 f5 27.
Rd2 g4 28. Ke3 Kf6 29. Ne2 Rb6 30. Nf4 Rb3+ 31. Ke2 e5 32. Nd3 Rb5 33. b4 b6
34. a4 Rd5 35. Nb2 Rxd2+ 36. Kxd2 Ke6 37. Nc4 b5 38. axb5 axb5 39. Na3 Kd5 40.
Nxb5 f4 41. gxf4 exf4 42. Nc3+ Kd6 43. Ne2 Ke5 44. b5 f3 45. gxf3 gxf3 46. Ng3
Kd5 47. Nxh5 Kc5 48. Ke3 Kxb5 49. Kxf3 Kc6 50. Kg4 Kd6 51. Kg5 Ke5 52. Kg6 Ke6
53. Nf4+ Ke7 54. Kg7 Kd6 55. Kf6 Kd7 56. h4 Ke8 57. Ng6 1-0

[Event "32. Kieler Open 2019 B-Open"]
[Site "Kiel"]
[Date "2019.07.28"]
[Round "4.16"]
[White "Priemer, Robert"]
[Black "Lawrenz, Norbert"]
[Result "1-0"]
[WhiteElo "1682"]
[BlackElo "1434"]
[Annotator "HAD"]
[PlyCount "57"]
[EventDate "2019.??.??"]
[WhiteTeam "SC Agon Neumünster"]
[BlackTeam "Zitadelle Spandau"]

1. e4 e6 2. d4 d5 3. exd5 exd5 4. Nf3 Nf6 5. Bg5 Be7 6. Bd3 Nbd7 7. O-O O-O 8.
Nbd2 c5 9. c3 b6 10. Re1 Re8 11. Ne5 h6 12. Nc6 Qc7 13. Nxe7+ Kf8 14. Bxf6 Nxf6
15. Nxc8 Raxc8 16. dxc5 bxc5 17. Rxe8+ Rxe8 18. c4 Qf4 19. h3 d4 20. g3 Qd6 21.
Nb3 Qc7 22. Qd2 Ne4 23. Bxe4 Rxe4 24. Re1 Re7 25. Rxe7 Qxe7 26. Kf1 Qe4 27.
Nxc5 Qb1+ 28. Ke2 Qxa2 29. Qxd4 1-0

[Event "32. Kieler Open 2019 B-Open"]
[Site "Kiel"]
[Date "2019.07.28"]
[Round "4.17"]
[White "Beyer, Mirko"]
[Black "Brühl, Rainer"]
[Result "1-0"]
[WhiteElo "1675"]
[BlackElo "1353"]
[Annotator "HAAD,Adolf"]
[Annotator "HAD"]
[PlyCount "53"]
[EventDate "2019.??.??"]
[WhiteTeam " Eckernförder SC"]
[BlackTeam "SC Sottrum"]

1. e4 e5 2. Nf3 Nf6 3. Nc3 Bb4 4. Bd3 Nc6 5. a3 Bc5 6. O-O O-O 7. Bc4 d6 8. d3
a6 9. h3 Be6 10. Bxe6 fxe6 11. Be3 Nd4 12. Bxd4 exd4 13. Ne2 e5 14. Ng3 d5 15.
Ng5 Qd7 16. exd5 Nxd5 17. Qh5 Nf6 18. Qe2 Rfe8 19. N3e4 Be7 20. Nf3 Nxe4 21.
Qxe4 Qc6 22. Qxc6 bxc6 23. Nxe5 c5 24. Nc4 Bd6 25. Rfe1 Kf7 26. Kf1 Rxe1+ 27.
Rxe1 {Rest unleserlich} 1-0

[Event "32. Kieler Open 2019 B-Open"]
[Site "Kiel"]
[Date "2019.07.28"]
[Round "4.18"]
[White "Sowa, Uwe"]
[Black "Bahr, Arne"]
[Result "0-1"]
[WhiteElo "1520"]
[BlackElo "1667"]
[Annotator "HAD"]
[PlyCount "38"]
[EventDate "2019.??.??"]
[WhiteTeam "Kiel"]
[BlackTeam "Turm Kiel"]

1. d4 g6 2. Nc3 Bg7 3. Bf4 d6 4. e4 Nd7 5. Nf3 c6 6. Qd2 e5 7. Be3 Qe7 8. O-O-O
Ngf6 9. Bh6 O-O 10. Bxg7 Kxg7 11. h4 b5 12. d5 b4 13. Nb1 cxd5 14. exd5 a5 15.
a3 Nc5 16. Bc4 Bf5 17. Qe2 Qc7 18. Nfd2 Nxd5 19. Bxd5 Nd3+ 0-1

[Event "32. Kieler Open 2019 B-Open"]
[Site "Kiel"]
[Date "2019.07.28"]
[Round "4.19"]
[White "Ehrich, Dieter"]
[Black "Möller, Rainer"]
[Result "1/2-1/2"]
[WhiteElo "1612"]
[BlackElo "1349"]
[Annotator "HAD"]
[PlyCount "31"]
[EventDate "2019.??.??"]
[WhiteTeam "PSV Ribnitz-Damgarten"]
[BlackTeam "SV Büsum"]

1. c4 Nf6 2. g3 e6 3. Bg2 c6 4. Nf3 d5 5. d4 Nbd7 6. b3 Be7 7. O-O O-O 8. Qc2
Ne4 9. Nbd2 f5 10. e3 Bf6 11. Bb2 Qe7 12. a4 Rf7 13. Nxe4 fxe4 14. Ne5 Nxe5 15.
dxe5 Bg5 16. Ba3 1/2-1/2

[Event "32. Kieler Open 2019 B-Open"]
[Site "Kiel"]
[Date "2019.07.28"]
[Round "4.22"]
[White "Salwasser, Andrej"]
[Black "Bunke, Mike"]
[Result "1-0"]
[WhiteElo "1287"]
[BlackElo "1597"]
[Annotator "HAD"]
[PlyCount "53"]
[EventDate "2019.??.??"]
[WhiteTeam "SC Rastatt"]
[BlackTeam "Schleswiger SV"]

1. e4 c5 2. Nf3 Nc6 3. Bb5 g6 4. d4 Qa5+ 5. Nc3 cxd4 6. Nxd4 Nxd4 7. Qxd4 Nf6
8. e5 Nh5 9. e6 Nf6 10. exd7+ Bxd7 11. Bxd7+ Kd8 12. Bh3+ Ke8 13. O-O Rd8 14.
Qa4+ Qxa4 15. Nxa4 Rg8 16. Be3 g5 17. Bf5 e6 18. Bd3 g4 19. Rad1 a6 20. Bf4 Rd4
21. Bb5+ axb5 22. Rxd4 bxa4 23. Rxa4 Nd5 24. Ra8+ Kd7 25. Rd1 Ke7 26. Bg3 f5
27. c4 1-0

[Event "32. Kieler Open 2019 B-Open"]
[Site "Kiel"]
[Date "2019.07.28"]
[Round "4.23"]
[White "Hogreve, Holger"]
[Black "Malinowsky, Celina"]
[Result "1-0"]
[WhiteElo "1434"]
[BlackElo "1109"]
[Annotator "HAD"]
[PlyCount "111"]
[EventDate "2019.??.??"]
[WhiteTeam " Eckernförder SC"]
[BlackTeam "SK Doppelbauer Kiel"]

1. Nf3 Nc6 2. d4 d5 3. Bg5 Nf6 4. Bxf6 gxf6 5. g3 Bg7 6. e3 e5 7. Bg2 Bg4 8.
Qc1 e4 9. Nfd2 Qd7 10. h3 Be6 11. c4 Nb4 12. Qc3 Nd3+ 13. Ke2 f5 14. cxd5 Bxd5
15. f3 Qb5 16. Kd1 Nf2+ 17. Kc2 Qd3+ 18. Qxd3 exd3+ 19. Kc3 Nxh1 20. Bxh1 c5
21. Kxd3 Rc8 22. Nc3 c4+ 23. Ke2 Be6 24. f4 b6 25. Nb5 Ke7 26. Nxa7 Rc7 27. Nb5
Rd7 28. Rc1 Bd5 29. Bxd5 Rxd5 30. Nc3 Ra5 31. Nxc4 Ra6 32. Nd5+ Kf8 33. a3 Bh6
34. Ncxb6 Kg7 35. Nc8 Ra8 36. Nce7 Rhb8 37. Nxf5+ Kg6 38. Nfe7+ Kg7 39. Rc2 Rd8
40. g4 Kf8 41. f5 Bg5 42. f6 Bxf6 43. Nxf6 Kxe7 44. g5 h6 45. h4 Ra5 46. Rc7+
Ke6 47. Ne4 hxg5 48. Nxg5+ Rxg5 49. hxg5 Rg8 50. Rc5 Rb8 51. b4 Ra8 52. Ra5 Rc8
53. Re5+ Kd6 54. Rc5 Ra8 55. Rc3 Kd5 56. Kd3 1-0

[Event "32. Kieler Open 2019 B-Open"]
[Site "Kiel"]
[Date "2019.07.28"]
[Round "4.24"]
[White "Solodky, Willy"]
[Black "Turp, Hüseyin"]
[Result "1/2-1/2"]
[WhiteElo "1483"]
[BlackElo "1620"]
[Annotator "HAD"]
[PlyCount "72"]
[EventDate "2019.??.??"]
[WhiteTeam "Itzehoer SV"]
[BlackTeam "Oberhausen"]

1. d4 d5 2. c4 c6 3. Nc3 Nf6 4. e3 e6 5. Nf3 Nbd7 6. b3 Bb4 7. Bd2 O-O 8. a3
Ba5 9. b4 Bc7 10. Qc2 e5 11. cxd5 cxd5 12. dxe5 Nxe5 13. Be2 g6 14. Nd4 a6 15.
h3 Bd6 16. Rc1 Bd7 17. O-O Rc8 18. f4 Nc4 19. Bxc4 Rxc4 20. Qb2 Re8 21. Nxd5
Rxc1 22. Nxf6+ Qxf6 23. Bxc1 Bf8 24. Qd2 Bg7 25. Bb2 Qe7 26. Re1 Ba4 27. Re2
Rd8 28. Qe1 Bh6 29. g3 Bd7 30. Kh2 Bc8 31. e4 b5 32. Qf2 Bb7 33. e5 Qd7 34. e6
Qd5 35. exf7+ Kxf7 36. Qe1 Re8 1/2-1/2

[Event "32. Kieler Open 2019 B-Open"]
[Site "Kiel"]
[Date "2019.07.28"]
[Round "4.25"]
[White "Kathage, Holger"]
[Black "Malinowsky, Levi"]
[Result "1/2-1/2"]
[WhiteElo "1662"]
[BlackElo "1418"]
[Annotator "HAD"]
[PlyCount "63"]
[EventDate "2019.??.??"]
[WhiteTeam "VSF Flintbek"]
[BlackTeam "SK Doppelbauer Kiel"]

1. d4 d5 2. Nf3 Bf5 3. e3 e6 4. Bd3 Bg6 5. O-O Nf6 6. c4 c6 7. c5 Nbd7 8. Bxg6
hxg6 9. Nc3 Be7 10. Re1 O-O 11. e4 dxe4 12. Nxe4 Nxe4 13. Rxe4 Nf6 14. Rh4 Bxc5
15. Bg5 Be7 16. Qd3 Nd5 17. Bxe7 Qxe7 18. Re1 f5 19. Qd2 f4 20. Qd3 Rf5 21. Rg4
Qf6 22. Nh4 Rg5 23. Rxg5 Qxg5 24. Nxg6 f3 25. g3 Nb4 26. Qe4 Re8 27. Nf4 Qg4
28. Re3 Nd5 29. Rxf3 Nxf4 30. Rxf4 Qd1+ 31. Kg2 Qh5 32. a3 1/2-1/2

[Event "32. Kieler Open 2019 B-Open"]
[Site "Kiel"]
[Date "2019.07.28"]
[Round "4.26"]
[White "Wellßow, Lio Keanu"]
[Black "Plöger, Elke"]
[Result "0-1"]
[WhiteElo "1184"]
[BlackElo "1424"]
[Annotator "HAD"]
[PlyCount "116"]
[EventDate "2019.??.??"]
[WhiteTeam "SG Jasmund"]
[BlackTeam "SG Jasmund"]

1. g3 e5 2. Bg2 Nc6 3. Bxc6 bxc6 4. e4 d5 5. Nc3 Nf6 6. Nf3 Bd6 7. d3 O-O 8.
Bg5 Re8 9. O-O d4 10. Ne2 h6 11. Bh4 g5 12. Nxg5 hxg5 13. Bxg5 Bh3 14. Re1 Kg7
15. Kh1 Qd7 16. Ng1 Bg4 17. f3 Bh5 18. g4 Nxg4 19. fxg4 Bxg4 20. Qd2 Rh8 21.
Ne2 Bf3+ 22. Kg1 Qg4+ 23. Ng3 f6 24. Bxf6+ Kxf6 25. Rf1 Raf8 26. Rf2 Ke6 27.
Raf1 Rhg8 28. Qh6+ Kd7 29. Qh7+ Be7 30. Rxf3 Rxf3 31. Rxf3 Qxf3 32. Qxg8 Qd1+
33. Nf1 Qxc2 34. h4 Qxd3 35. Qg4+ Kd6 36. h5 Qc4 37. h6 Qf7 38. Qh3 Qh7 39. b4
Bg5 40. Qh5 Qxh6 41. Qe2 Be3+ 42. Nxe3 Qxe3+ 43. Qxe3 dxe3 44. Kf1 c5 45. b5 c4
46. Ke2 Kc5 47. Kxe3 Kxb5 48. Kd2 Kb4 49. a3+ Kb3 50. a4 Kb2 51. a5 c3+ 52. Ke3
c2 53. a6 c1=Q+ 54. Kf2 Qc2+ 55. Kg3 Qxe4 56. Kf2 Qd4+ 57. Kf1 Qd3+ 58. Ke1
Qc3+ 0-1